Especialidades Médicas por letras - Statistics

Estatísticas Gerais
  • Esse quiz foi jogado 278 vezes
  • A pontuação média é 20 de 55
Estatísticas das Respostas
Resposta % Correto
Cardiologia
88%
Pediatria
86%
Ginecologia e obstetrícia
83%
Neurologia
81%
Ortopedia e traumatologia
80%
Dermatologia
76%
Oftalmologia
73%
Otorrinolaringologia
68%
Psiquiatria
65%
Oncologia clínica
62%
Urologia
62%
Pneumologia
59%
Geriatria
58%
Radiologia e diagnóstico por imagem
58%
Patologia clínica/medicina laboratorial
54%
Gastroenterologia
51%
Reumatologia
47%
Nefrologia
46%
Cirurgia geral
45%
Endocrinologia e metabologia
44%
Hematologia e hemoterapia
43%
Patologia
43%
Cirurgia plástica
40%
Nutrologia
40%
Anestesiologia
39%
Neurocirurgia
33%
Alergia e imunologia
32%
Angiologia
29%
Infectologia
29%
Clínica médica
24%
Medicina de família e comunidade
24%
Mastologia
23%
Medicina esportiva
23%
Cirurgia pediátrica
22%
Cirurgia vascular
22%
Medicina do trabalho
21%
Cirurgia de cabeça e pescoço
19%
Cirurgia da mão
18%
Cirurgia torácica
18%
Medicina legal e perícia médica
18%
Medicina intensiva
17%
Coloproctologia
16%
Medicina de emergência
15%
Cirurgia oncológica
14%
Cirurgia cardiovascular
13%
Medicina nuclear
12%
Cirurgia do aparelho digestivo
11%
Homeopatia
11%
Radioterapia
10%
Acunputura
9%
Genética médica
9%
Medicina de tráfego
9%
Endoscopia
7%
Medicina física e reabilitação
7%
Medicina preventiva e social
6%
Nenhum quiz correspondente encontrado
Distribuição das Pontuações
Porcentagem de Pessoas com Cada Pontuação
Percentil de Números Respondidos
Sua Pontuação Histórica
Você não jogou esse quiz